LEADER 01455nam2-2200409li-450 001 990000217800203316 005 20180312154644.0 010 $aŠ-540-13911-7 035 $a0021780 035 $aUSA010021780 035 $a(ALEPH)000021780USA01 035 $a0021780 100 $a20001109d1985----km-y0itay0103----ba 101 0 $aeng 102 $aGW 200 1 $aApplications of field theory to statistical mechanics$eproceedings of the Sitges conference on statistical mechanics$fedited by L. Garrido 210 $aBerlin [etc.]$cSpringer-Verlag$dcopyr. 1985 215 $aVIII, 352 p.$cill.$d25 cm 225 2 $aLecture notes in physics$v216 410 0$10010021736$12001$aLecture notes in physics 610 1 $acongressi$asitges$a1984 610 1 $ameccanica statistica$acongressi$a1984 610 1 $ateoria dei campi$acongressi$a1984 676 $a53013$9Fisica statistica (Meccanica Statistica) 700 1$aSitges conference on statistical mechanics,$bSitges,$b1984$0745808 702 1$aGarrido,$bLuis 801 $aSistema bibliotecario di Ateneo dell' Universitą di Salerno$gRICA 912 $a990000217800203316 951 $a530 LNP (216)$b0012200 959 $aBK 969 $aSCI 979 $c19901002 979 $c20001110$lUSA01$h1714 979 $c20020403$lUSA01$h1630 979 $aPATRY$b90$c20040406$lUSA01$h1616 996 $aApplications of field theory to statistical mechanics$91489418 997 $aUNISA LEADER 02467nam 2200661Ia 450 001 9910450881903321 005 20200520144314.0 010 $a1-281-36401-0 010 $a9786611364014 010 $a1-4039-7857-3 024 7 $a10.1057/9781403978578 035 $a(CKB)1000000000342641 035 $a(SSID)ssj0000224071 035 $a(PQKBManifestationID)11174343 035 $a(PQKBTitleCode)TC0000224071 035 $a(PQKBWorkID)10209109 035 $a(PQKB)10512790 035 $a(DE-He213)978-1-4039-7857-8 035 $a(MiAaPQ)EBC308286 035 $a(Au-PeEL)EBL308286 035 $a(CaPaEBR)ebr10135396 035 $a(CaONFJC)MIL136401 035 $a(OCoLC)123498740 035 $a(EXLCZ)991000000000342641 100 $a20050511d2005 uy 0 101 0 $aeng 135 $aurnn|008mamaa 181 $ctxt 182 $cc 183 $acr 200 14$aThe politics of pact-making$b[electronic resource] $eHungary's negotiated transition to democracy in comparative perspective /$fJohn W. Schiemann 205 $a1st ed. 210 $aNew York $cPalgrave Macmillan$d2005 215 $a1 online resource (XIV, 217 p.) 225 1 $aPolitical evolution and institutional change 300 $aBibliographic Level Mode of Issuance: Monograph 311 $a1-349-53273-8 311 $a1-4039-7109-9 320 $aIncludes bibliographical references (p. [198]-208) and index. 330 $aContributing to the literature on democratic transitions and with a focus on institutional bargaining, in this fascinating book the Hungarian case is contrasted with those of Poland, South Africa and China to explore the contours of what bargaining strategies affect outcomes. The result is an increased understanding of how actors and their interaction can make peaceful transition possible. 410 0$aPolitical evolution and institutional change. 606 $aDemocratization$zHungary 606 $aNegotiation$zHungary 606 $aComparative government 607 $aHungary$xPolitics and government$y1989- 608 $aElectronic books. 615 0$aDemocratization 615 0$aNegotiation 615 0$aComparative government. 676 $a320.9439/09//048 700 $aSchiemann$b John W$0926927 801 0$bMiAaPQ 801 1$bMiAaPQ 801 2$bMiAaPQ 906 $aBOOK 912 $a9910450881903321 996 $aThe politics of pact-making$92082467 997 $aUNINA